000 01290cam a22002774a 4500
001 13758378
005 20230728113033.0
008 041022s2005 miua 000 0 eng
010 _a 2004025186
020 _a0801065259 (pbk.)
040 _aDLC
_cDLC
_dDLC
042 _apcc
050 0 0 _aBV4520
_b.G664 2005
082 0 0 _a248/.5
_222
100 1 _aGreen, Michael,
_d1930-
245 1 0 _aSharing your faith with friends and family :
_btalking about Jesus without offending /
_cMichael Green.
260 _aGrand Rapids, MI :
_bBaker Books,
_cc2005.
300 _a155 p. :
_bill. ;
_c22 cm.
505 0 _aGetting motivated -- Building bridges -- Starting the conversation -- Knowing the good news -- Becoming the midwife -- Handling the responses -- Offering the aftercare -- Avoiding the mistakes -- God the evangelist.
650 0 _aWitness bearing (Christianity)
650 0 _aFriendship
_xReligious aspects
_xChristianity.
856 4 1 _3Table of contents
_uhttp://www.loc.gov/catdir/toc/ecip052/2004025186.html
906 _a7
_bcbc
_corignew
_d1
_eecip
_f20
_gy-gencatlg
942 _2lcc
_cBOOKS
_hBV4520 .G664 2005
999 _c31771
_d31771